Catálogo
 En Linea

Ateísmo: purificación del encuentro. (Registro nro. 36528)

Detalles MARC
000 -CABECERA
campo de control de longitud fija 00297nam a2200109 a 4500
005 - FECHA Y HORA DE LA ÚLTIMA TRANSACCIÓN
campo de control 20200930080111.0
008 - DATOS DE LONGITUD FIJA--INFORMACIÓN GENERAL
campo de control de longitud fija 120209s2000 000 spa d
040 ## - FUENTE DE LA CATALOGACIÓN
Centro catalogador/agencia de origen DO-SdBNP
100 ## - ENTRADA PRINCIPAL--NOMBRE DE PERSONA
Nombre de persona Jarquín, Miguel
9 (RLIN) 63447
245 #0 - MENCIÓN DE TÍTULO
Título Ateísmo: purificación del encuentro.
260 ## - PUBLICACIÓN, DISTRIBUCIÓN, ETC.
Lugar de publicación, distribución, etc. Colima, México,
Fecha de publicación, distribución, etc. 2000.

No hay ítems disponibles.

Con tecnología Koha